00606 2200217 4500001002100000005001700021008004100038035002400079082001100103090001800114100001900132245008400151260002600235300001900261500003100280650002800311850001500339980001300354985000600367999001500373YOGYA-0209000001168720090227022142.0 ind  0010-020900000011687 a317.93 a317.93bSim L aSIMANJUNTAK, B aLatar belakang kenakalan anakb(etrologi jurnnile delin guency)cB. Simanjuntak aBandungbAlumnic1975 a308 hlmc21 cm aBibliografi : hlm. 307-308 aKenakalan anak / remaja aYOPDYOG(B) a11-10-05 a1 ab000013772